000
00192 a2200097 4500
001
2589
100
_a
Bannister, R.
245
_a
First four min
260
_a
_b
Putnam
_c
090
_c
1886
_d
1886
942
_a
NUST-CAE
_c
M
_c
9846
999
_c
237662
_d
237662